000 00642cam a2200229u 4500
999 _c20760
_d20760
001 8511852
003 BDDh-ASL
005 20231015025931.0
008 821217m19851936ii b 000 0 eng
010 _a 72221787
040 _aDLC
_cCarP
_dDLC
_dBDDh-ASL
050 0 0 _aBP131.2
_b.N3
082 _a297.12
_bSYG
100 1 _aNadvi, Muzaffar Uddin,
_cSyed,
_d1900-
245 1 2 _aA geographical history of the Qur'an, Volume-1/
260 _aCalcutta:
_c1936-
300 _a143 p.:
_bmaps.
_c22 cm.
504 _aInclude Index
630 0 0 _aQurʼan
_xGeography.
906 _a0
_bcbc
_cpremunv
_du
_encip
_f19
_gy-gencatlg
942 _2ddc
_cBK